Normal view
MARC view
Entry Personal Name
001 - CONTROL NUMBER
- control field: 41066
003 - CONTROL NUMBER IDENTIFIER
- control field: OSt
005 - DATE AND TIME OF LATEST TRANSACTION
- control field: 20220608113920.0
008 - FIXED-LENGTH DATA ELEMENTS
- fixed length control field: 220608|| aca||aabn | a|a d
040 ## - CATALOGING SOURCE
- Original cataloging agency: OSt
- Transcribing agency: OSt
100 ## - HEADING--PERSONAL NAME
- Personal name: RAMACHANDRAN (K N)
670 ## - SOURCE DATA FOUND
- Source citation: Work cat.: (OSt): K N Ramachandran and others 41061, Sun Zi and Chin's Strategic Culture, 1999